Statistics for Most Popular DMX Songs

Click here to take the quiz!

General Stats

  • This quiz has been taken 7 times
  • The average score is 3 of 10

Answer Stats

Song% Correct
Ruff Ryder's Anthem
86%
X Gon Give It To Ya
71%
Slippin'
57%
What's My Name?
29%
Get It On the Floor
14%
How's It Goin' Down
14%
I Miss You
14%
Up in Here
14%
What They Really Want
14%
We Right Here
0%

Score Distribution

Percentile by Number Answered

Percent of People with Each Score

Your Score History

You have not taken this quiz